Serie B - Play-off de relégation - Statistiques

Statistiques générales
  • Ce quiz a été pris 10 fois
  • Le résultat moyen est 13 sur 36
Statistiques - réponses
Saison Classement Clubs % Correct
2024-2025 17ème UC Sampdoria
90%
18ème Hellas Vérone
80%
2003-2004 21ème SSC Bari
70%
2023-2024 17ème SSC Bari
70%
18ème US Salernitana
60%
2018-2019 16ème US Salernitana
60%
16ème US Salernitana
60%
20ème Venezia FC
60%
15ème Venezia FC
60%
18ème Ascoli Calcio 1898 FC
40%
16ème Brescia Calcio
40%
2013-2014 19ème Novare FC
40%
2009-2010 19ème Calcio Padoue
30%
2019-2020 17ème Delfino Pescara
30%
18ème Empoli FC
30%
18ème Modena FC
30%
16ème Ternana Calcio
30%
18ème UC AlbinoLeffe
30%
18ème UC AlbinoLeffe
30%
2004-2005 18ème US Triestina Calcio
30%
18ème US Triestina Calcio
30%
16ème AC Perugia Calcio
20%
16ème Cosenza Calcio
20%
2022-2023 17ème Cosenza Calcio
20%
17ème L.R. Vicence
20%
2011-2012 19ème L.R. Vicence
20%
2021-2022 17ème L.R. Vicence
20%
2010-2011 19ème Piacenza Calcio 1919
20%
2006-2007 19ème Spezia Calcio
20%
2008-2009 19ème SSC Ancona
20%
18ème Varèse Calcio
20%
2014-2015 19ème Virtus Entella
20%
2017-2018 19ème Virtus Entella
20%
2015-2016 19ème ASD Lanciano Calcio 1920
10%
18ème Rimini FC
10%
2005-2006 19ème US Avellino 1912
10%
Aucun quiz correspondant
Distribution des résultats
% des personnes avec chaque résultat
Percentile par nombre de réponses
Votre historique - résultats
Vous n’avez pas pris ce quiz